| 000 | 00634nam a22002057a 4500 | ||
|---|---|---|---|
| 003 | OSt | ||
| 005 | 20220107122719.0 | ||
| 008 | 130812b xxu||||| |||| 00| 0 eng d | ||
| 020 | _a9781843346883 | ||
| 040 | _cIIITM-K | ||
| 082 | _a025.04 MES/D | ||
| 100 |
_aMestre, Lori S _91418 |
||
| 245 |
_aDesigning effective library tutorials: _bA guide for accomodating multiple learning styles _cby Lori s Mestre |
||
| 260 |
_aUK, _bChandos Publishing, _c2012. |
||
| 300 | _axxii, 338p. | ||
| 440 |
_aChandos learning and teaching series _91419 |
||
| 650 |
_aINFORMATION SCIENCE _91420 |
||
| 650 |
_aLIBRARY SCIENCE _91421 |
||
| 942 |
_2ddc _cBK |
||
| 999 |
_c3158 _d3158 |
||